| 000 | 00662nam a2200229 i 4500 | ||
|---|---|---|---|
| 001 | Rebiun00911135 | ||
| 003 | AR-RoIUNI | ||
| 005 | 20190123164126.0 | ||
| 008 | 140606s2012 it f 000 0 ita c | ||
| 020 | _a9788861822467 | ||
| 040 |
_aSpMaUCFL. _bSpa _cIUNIR |
||
| 080 | _a811.131.1 DAN | ||
| 100 | 1 | _aD'Angelo, Katia | |
| 245 | 1 | 0 |
_aParla con me 2 _bCorso di lingua e cultura italiana per ragazzi _pGuida per l'insegnante _cKatia D'Angelo, Diana Pedol |
| 250 | _a1a. ed. | ||
| 260 |
_aFirenze : _bAlma, _c2012 |
||
| 300 |
_a96 p. ; _c28cm |
||
| 500 | _aA2 juniores | ||
| 650 | 1 | 0 |
_aItaliano _xLengua _9544 |
| 700 | 1 | _aPedol, Diana | |
| 942 |
_2cdu _cBK |
||
| 999 |
_c3865 _d3865 |
||